00706nam a2200205Ia 4500003000900000008004100009020001800050040001600068080001600084245012700100260003200227300001500259650002500274650002600299650001900325700003500344942000700379999001500386952009900401IN-BaIIA211028s9999 xx 000 0 eng d a0-07-019756-3 cIIA Library a681.31bMIC 0aMicroprocessor systemsbsoftware and hardware architecturecedited by Stephen Evanczuk  aNew YorkbMcGraw-Hillc1984 avii, 389p. aMicrocomputers99969 aMicroprocessors99691 aNASA Thesaurus aEvanczuk, Stephen., ed.913524 cBK c8017d8017 00104070aBANbBANcGENd1984-12-04l0o681.31/ MICp8843r2021-11-05w1984-12-04yBK 47.50